الراوي : (Record no. 179381)

MARC details
000 -LEADER
fixed length control field 00854nabaa22002411i 4500
003 - EG-GICUS
control field EG-GiCUS
005 - DATE AND TIME OF LATEST TRANSACTION
control field 20260411134724.0
008 - FIXED-LENGTH DATA ELEMENTS--GENERAL INFORMATION
fixed length control field 260411c19989999su uu p f0 0ara d
040 ## - CATALOGING SOURCE
Original cataloging agency EG-GiCUS
Language of cataloging ara
Transcribing agency EG-GiCUS
Description conventions rda
041 ## - LANGUAGE CODE
Language code of text/sound track or separate title ara
043 ## - GEOGRAPHIC AREA CODE
Geographic area code ar-----
092 ## - LOCALLY ASSIGNED DEWEY CALL NUMBER (OCLC)
Classification number 813.9
Item number R198
Edition number 21
099 ## - LOCAL FREE-TEXT CALL NUMBER (OCLC)
Classification number 813.9 R198
245 02 - TITLE STATEMENT
Title الراوي :
Remainder of title دورية تعنى بالسرديات العربية
264 1# - PRODUCTION, PUBLICATION, DISTRIBUTION, MANUFACTURE, AND COPYRIGHT NOTICE
Place of production, publication, distribution, manufacture جدة :
Name of producer, publisher, distributor, manufacturer النادي الادبي الثقافي،
Date of production, publication, distribution, manufacture, or copyright notice [1998?- ]
300 ## - PHYSICAL DESCRIPTION
Extent مجلد:
Other physical details ،ايض
Dimensions 24سم
362 1# - DATES OF PUBLICATION AND/OR SEQUENTIAL DESIGNATION
Dates of publication and/or sequential designation صدر العدد .1(مارس1998)
541 ## - IMMEDIATE SOURCE OF ACQUISITION NOTE
Source of acquisition إهداء
650 #7 - SUBJECT ADDED ENTRY--TOPICAL TERM
Topical term or geographic name entry element القصة العربية
General subdivision تاريخ و نقد
Geographic subdivision شبه الجزيرة العربية
Form subdivision الدوريات.
Source of heading or term qrmak
710 2# - ADDED ENTRY--CORPORATE NAME
Corporate name or jurisdiction name as entry element نادي الادبي الثقافي (جدة، سعودية)
905 ## - LOCAL DATA ELEMENT E, LDE (RLIN)
Cataloger Abeer
Reviser Abeer
942 ## - ADDED ENTRY ELEMENTS (KOHA)
Suppress in OPAC No
Koha item type Continuing Resources
999 ## -
-- 179381
-- 179381

No items available.

Cairo University Libraries Portal Implemented & Customized by: Eng. M. Mohamady Contacts: new-lib@cl.cu.edu.eg | cnul@cl.cu.edu.eg
CUCL logo CNUL logo
© All rights reserved — Cairo University Libraries
CUCL logo
Implemented & Customized by: Eng. M. Mohamady Contact: new-lib@cl.cu.edu.eg © All rights reserved — New Central Library
CNUL logo
Implemented & Customized by: Eng. M. Mohamady Contact: cnul@cl.cu.edu.eg © All rights reserved — Cairo National University Library